00696nam a22001697a 4500008004100000040005500041080001700096100002400113245008000137260008000217300001700297650002300314653002300337942001200360999001700372952013700389230410b |||||||| |||| 00| 0 eng d aNational Science LibrarycNational Science Library a341(73)bN3  aNash, Marian 96650 aCumulative digest of united states practice in international law 1981-1988  aWashington, D C: bOffice of the legal adviser department of state, c1993  axvi, 1311p.  aCumulative digest  aInternational law  2udccBK c20175d20175 00102udc40634173_N370929506aNSLbNSLcGF/Rk-5/C-10/R-2d2023-04-10l0o341(73) N3p175068r2023-04-10 00:00:00w2023-04-10yBK